000 00410nmm a2200157Ia 4500
008 251105s9999||||xx |||||||||||||||||und||
041 _aspa
100 _aDonald, Robyn
245 0 _aUn príncipe enamorado
264 _a[Madrid, España] :
_bHarlequin,
_c2010
300 _a160 páginas
490 _aBianca
650 _aRomance
856 _uhttps://public.digitaliapublishing.com/a/49904
942 _cCF
999 _c98526
_d98526